| 000 | 00354nam a22001337a 4500 | ||
|---|---|---|---|
| 082 |
_a696.6 _bDYE _cL-tech, P-162 |
||
| 100 |
_aDye, Fredk, W _945614 |
||
| 245 |
_aHot water supply _cDye, Fredk, W |
||
| 260 |
_aLondon _bE&F.N Spon Ltd _c1930 |
||
| 300 |
_aP-245 _bill |
||
| 526 |
_a0 _b0 _c0 _d696_600000000000000_DYE |
||
| 650 |
_aMCE _9379 |
||
| 942 |
_2ddc _cBK |
||
| 999 |
_c549093 _d549093 |
||